Forms of desire : sexual orientation and the social constructionist controversy

Αποθηκεύτηκε σε:
Λεπτομέρειες βιβλιογραφικής εγγραφής
Άλλοι συγγραφείς: Stein, Edward 1965- (Επιμελητής έκδοσης)
Μορφή: Βιβλίο
Γλώσσα:English
Δημοσίευση: New York; London : Routledge, 1992
Θέματα:
Ετικέτες: Προσθήκη ετικέτας
Δεν υπάρχουν, Καταχωρήστε ετικέτα πρώτοι!

MARC

LEADER 00000nam a2200000 i 4500
001 1/4097
008 950525s1992 eng d
020 |a 0-415-90485-4 
035 |a 1995  |c ΤΣΙΒΑΚΟΥ  |l 10015454 
040 |a GR-MY-UA  |b gre  |e aacr 
041 0 |a eng 
082 0 |a 306.766 
245 1 0 |a Forms of desire :  |b sexual orientation and the social constructionist controversy /  |c edited by Edward Stein 
260 |a New York; London :   |b Routledge,   |c 1992 
300 |a 366 p.;  |b ill.;  |c 23 cm. 
504 |a Includes bibliographical references and index 
650 0 0 |a Homosexuality  |z United States. 
650 0 0 |a Gays  |z United States  |x Social conditions. 
700 1 |a Stein, Edward  |d 1965-  |4 edt 
852 |a INST  |b LESVOS  |e 19960503  |h 306.766 FOR  |p 005100010398  |q 005100010398  |t BK  |y 0 
852 |a INST  |b SAMOS  |e 19950525  |h 306.766 FOR  |p 005300005514  |q 005300005514  |t BK  |y 0 
909 |a Λ  |b 045032 
909 |a Σ  |b 038983